000
00326cam a22001337a 4500
008
180718b1996 xxu||||| |||| 00| 0 eng d
020
_a
0340684798
082
_a
A3 C232
100
_a
Carre, Le
245
_a
The tailor of Panama
_c
by Le Carre
260
_a
London
_b
Coronet Books
_c
1996
300
_a
460p.
650
_a
Fiction
999
_c
388095
_d
388095